000 00308nam a22001337a 4500
008 170529b xxu||||| |||| 00| 0 eng d
020 _a096329681
041 _aeng
080 _a94
100 _a16
101 _aSHH
245 _aWIND, DUST, AND SNOW GREAT RAMS OF ASIA
_cANDERSON ,R.M
942 _2udc
_cBK
999 _c14902
_d14902